Statistics for Name a Valid Answer - United States

Click here to take the quiz!

General Stats

  • This quiz has been taken 18,995 times
    (18,681 since last reset)
  • The average score is 15 of 20

Answer Stats

Condition Valid Answer % Correct
Assassinated presidentsAbraham Lincoln | James Garfield | William McKinley |
John F. Kennedy
99%
Major political partiesDemocratic | Republican
98%
Boroughs of New York CityBronx | Brooklyn | Manhattan | Queens | Staten Island
96%
States with < 1 million peopleWyoming | Vermont | Alaska | North Dakota |
South Dakota | Delaware
95%
Great LakesErie | Huron | Michigan | Ontario | Superior
94%
National park starting with the letter YYellowstone | Yosemite
90%
Ivy League membersBrown | Columbia | Cornell | Dartmouth | Harvard |
Pennsylvania | Princeton | Yale
88%
State capitals with the a yearly mean temperature
over 68°F (20 °C)
Honolulu | Phoenix | Austin | Baton Rouge
82%
Main islands of HawaiiHawai'i | Maui | O'ahu | Kaua'i | Moloka'i |
Lana'i | Ni'ihau | Kaho'olawe
81%
"Big Five" Hollywood studiosColumbia | Disney | Paramount | Universal | Warner Bros.
80%
Largest Native American tribes
(> 100,000 members)
Cherokee | Navajo | Sioux | Chippewa
76%
Hosts of "The Tonight Show"Steve Allen | Jack Paar | Johnny Carson | Jay Leno |
Conan O'Brien | Jimmy Fallon
75%
Company headquartered in Washington State
with a market valuation over $100 billion
Microsoft | Amazon | Costco | Starbucks
72%
Sibling of John F. KennedyJoseph | Rosemary | Kathleen | Eunice | Patricia |
Robert | Jean | Edward
69%
Speakers of the House since 2000Nancy Pelosi | Paul Ryan | John Boehner | Dennis Hastert
65%
NBA basketball team that plays in TexasSan Antonio Spurs | Dallas Mavericks | Houston Rockets
57%
Unalienable rights in the
"Declaration of Independence"
Life | Liberty | Pursuit of Happiness
56%
Five-star generalsGeorge Marshall | Douglas MacArthur | Dwight Eisenhower |
Henry Arnold | Omar Bradley
56%
Metro area (population > 100,000)
that has a higher elevation than Denver
Santa Fe | Flagstaff | Colorado Springs | Farmington |
Prescott | Boulder | Albuquerque
33%
"Five Families" of the Italian mob in New YorkBonanno | Colombo | Gambino | Genovese | Lucchese
22%

Score Distribution

Percentile by Number Answered

Percent of People with Each Score

Your Score History

You have not taken this quiz since the last reset